Top 5 Countries that produce ... #12 - Statistics

General Stats
  • This quiz has been taken 75 times
  • The average score is 24 of 30
Answer Stats
Answer % Correct
United States
100%
United States
100%
United States
100%
United States
100%
Canada
99%
India
99%
India
99%
India
99%
Brazil
97%
Brazil
97%
Brazil
97%
China
97%
China
97%
France
97%
Russia
97%
Germany
93%
Germany
93%
Mexico
87%
Mexico
87%
Turkey
85%
Indonesia
81%
Iran
78%
Poland
78%
New Zealand
66%
Malaysia
56%
Saudi Arabia
50%
Syria
35%
Singapore
19%
Uruguay
15%
Moldova
4%
No matching quizzes found
Score Distribution
Percent of People with Each Score
Percentile by Number Answered
Your Score History
You have not taken this quiz